MARC details
| 000 -LEADER |
| fixed length control field |
02500nam a22003497a 4500 |
| 001 - CONTROL NUMBER |
| control field |
1005410.0 |
| 003 - CONTROL NUMBER IDENTIFIER |
| control field |
KnowledgeUnlatched |
| 005 - DATE AND TIME OF LATEST TRANSACTION |
| control field |
20210303104755.0 |
| 006 - FIXED-LENGTH DATA ELEMENTS--ADDITIONAL MATERIAL CHARACTERISTICS |
| fixed length control field |
m o d |
| 007 - PHYSICAL DESCRIPTION FIXED FIELD--GENERAL INFORMATION |
| fixed length control field |
cr u|||||||||| |
| 008 - FIXED-LENGTH DATA ELEMENTS--GENERAL INFORMATION |
| fixed length control field |
210129p20192020cau o u00| u eng d |
| 037 ## - SOURCE OF ACQUISITION |
| Institution to which field applies |
BiblioBoard |
| 020 ## - INTERNATIONAL STANDARD BOOK NUMBER |
| International Standard Book Number |
9780520974135 |
| 024 8# - OTHER STANDARD IDENTIFIER |
| Standard number or code |
10.1525/luminos.77 |
| 029 1# - OTHER SYSTEM CONTROL NUMBER (OCLC) |
| OCLC library identifier |
https://library.biblioboard.com/ext/api/media/6c0f9ce4-22a2-4c4e-a835-f601bc83a3c8/assets/thumbnail.jpg |
| 040 ## - CATALOGING SOURCE |
| Original cataloging agency |
ScCtBLL |
| Transcribing agency |
ScCtBLL |
| 245 00 - TITLE STATEMENT |
| Title |
What Is a Family? |
| 264 #1 - PRODUCTION, PUBLICATION, DISTRIBUTION, MANUFACTURE, AND COPYRIGHT NOTICE |
| Name of producer, publisher, distributor, manufacturer |
University of California Press, |
| 300 ## - PHYSICAL DESCRIPTION |
| Extent |
1 online resource (1 p.) |
| 506 0# - RESTRICTIONS ON ACCESS NOTE |
| Terms governing access |
Access copy available to the general public. |
| Standardized terminology for access restriction |
Unrestricted |
| Source of term |
star |
| 520 ## - SUMMARY, ETC. |
| Summary, etc. |
What is a family? The essays gathered here explore disparate family histories in early modern Japan, attending variously to the samurai elite, agrarian villagers, urban merchants, communities of outcastes, and the circles surrounding priests, artists, and scholars. They draw on diverse sources-from population registers and legal documents to personal letters and diaries, from genealogies and necrologies to popular fiction and drama. And while some examine collective practices (the adoption of heirs, the veneration of ancestors), others look intimately at individual actors (a runaway daughter, a murderous wife). What unites these stories is the political and social order of the Tokugawa shogunate (1603-1868), which structured all lives. Families navigated its constraints differently, but the circumstances that made one household unlike another were framed, then as now, by prevailing laws, norms, and controls on resources. Those constraints led the majority to form stem families, the focus of this volume. The essays nonetheless depart from essentialist and nationalist narratives to emphasize that family formation was a dynamic process mediated by particular pressures. |
| 588 0# - SOURCE OF DESCRIPTION NOTE |
| Source of description note |
Description based on print version record. |
| 650 #7 - SUBJECT ADDED ENTRY--TOPICAL TERM |
| Topical term or geographic name entry element |
History |
| Source of heading or term |
bisacsh |
| 650 #7 - SUBJECT ADDED ENTRY--TOPICAL TERM |
| Topical term or geographic name entry element |
History / Asia |
| Source of heading or term |
bisacsh |
| 650 #0 - SUBJECT ADDED ENTRY--TOPICAL TERM |
| Topical term or geographic name entry element |
History |
| 655 #0 - INDEX TERM--GENRE/FORM |
| Genre/form data or focus term |
Electronic books. |
| 758 ## - |
| -- |
Is found in: |
| -- |
Knowledge Unlatched |
| -- |
https://openresearchlibrary.org/module/2774bc74-146a-484f-a7ba-ab1d6a09bbfb |
| 856 40 - ELECTRONIC LOCATION AND ACCESS |
| Uniform Resource Identifier |
<a href="https://openresearchlibrary.org/content/6c0f9ce4-22a2-4c4e-a835-f601bc83a3c8">https://openresearchlibrary.org/content/6c0f9ce4-22a2-4c4e-a835-f601bc83a3c8</a> |
| Public note |
View this content on Open Research Library. |
| -- |
0 |